Painting (Record no. 13796)

000 -LEADER
fixed length control field 00657nam a2200205 4500
020 ## - ISBN
ISBN 9780545165501
082 ## - DEWEY DECIMAL CLASSIFICATION NUMBER
Classification number Fic. S4271p 2009
100 ## - MAIN ENTRY--PERSONAL NAME
Personal name Scotte, Janine
245 ## - TITLE STATEMENT
Title Painting
Statement of responsibility, etc. by Janine Scott ; illustrated by Christine Ross
260 ## - PUBLICATION, DISTRIBUTION, ETC. (IMPRINT)
Place of publication, distribution, etc. New York
Name of publisher, distributor, etc. Scholastic, Inc.
Date of publication, distribution, etc. c2009.
300 ## - PHYSICAL DESCRIPTION
Extent/Page number 12 pages
Other physical details col. ill.
Dimensions 23 x 18 cm.
504 ## - BIBLIOGRAPHY, ETC. NOTE
Bibliography, etc Lexile measure: 190L
520 ## - SUMMARY, ETC.
Summary, etc. The story is about a character named Jen who lives on a farm and likes to paint.
526 ## - STUDY PROGRAM INFORMATION NOTE
PROGRAM TYPE FICTION
SUB-PROGRAM TYPE Painting and paintings
650 ## - SUBJECT ADDED ENTRY--TOPICAL TERM
Topical term or geographic name as entry element Arts and Crafts
650 ## - SUBJECT ADDED ENTRY--TOPICAL TERM
Topical term or geographic name as entry element Farm and Ranch Life
650 ## - SUBJECT ADDED ENTRY--TOPICAL TERM
Topical term or geographic name as entry element Painting — Juvenile fiction
700 ## - ADDED ENTRY--PERSONAL NAME/OTHER AUTHORS
Personal name Ross, Christine
942 ## - ADDED ENTRY ELEMENTS
Classification
Item type Book
Holdings
Withdrawn status Lost status Source of classification or shelving scheme Damaged status Not for loan Collection code Permanent Location Current Location Shelving location Date acquired Source of acquisition Cost, normal purchase price Full call number Barcode Date last seen Copy number Cost, replacement price Price effective from Item type
          DEAR Grade School Library Grade School Library DEAR 2026-02-02 Scholastic 100.00 Fic. S4271p 2009 c1 GS5355 2026-02-02 1 150.00 2026-02-02 Book
          DEAR Grade School Library Grade School Library DEAR 2026-02-02 Scholastic 100.00 Fic. S4271p 2009 c2 GS5356 2026-02-02 2 150.00 2026-02-02 Book